000 00339nam a2200145 4500
999 _c9477
_d9477
003 OSt
005 20210624171232.0
008 210624b ||||| |||| 00| 0 eng d
020 _a9781568982496
082 _a701.8
_bELA
100 _aElam kimberly
245 _aGeometry of design
260 _bPrinceton architectural press
942 _2ddc